Statistics for Famous Faces

Click here to take the quiz!

General Stats

  • This quiz has been taken 571 times
  • The average score is 6 of 10

Answer Stats

Answer% Correct
ALBERT EINSTEIN
95%
JFK
91%
DWAYNE JOHNSON
90%
JOHN LENNON
88%
RIHANNA
88%
MICHAEL JORDAN
57%
SALVADOR DALI
54%
MADONNA
48%
FRIDA KAHLO
26%
LUPITA NYONGO
7%

Score Distribution

Percentile by Number Answered

Percent of People with Each Score

Your Score History

You have not taken this quiz